La civilisation phénicienne
Guardat en:
| Autor principal: | |
|---|---|
| Format: | Llibre |
| Idioma: | francès |
| Publicat: |
París
Payot
1949
|
| Edició: | 9a. ed |
| Col·lecció: | Bibliothèque Historique
|
| Matèries: | |
| Etiquetes: |
Afegir etiqueta
Sense etiquetes, Sigues el primer a etiquetar aquest registre!
|
MARC
| LEADER | 00000nam a2200000 a 4500 | ||
|---|---|---|---|
| 001 | UCP9744 | ||
| 003 | CL-VaPUC | ||
| 008 | 000331e19490000FR |||||||||||||||||fre|d | ||
| 082 | 0 | 4 | |a 939.44 |b CON |2 21 |
| 100 | 0 | |a Contenau, G |e author |9 440520 | |
| 245 | 1 | 3 | |a La civilisation phénicienne |
| 250 | |a 9a. ed | ||
| 300 | |a 315 p | ||
| 942 | |c BK | ||
| 945 | |d 20000331 00:00:00 |a rherrera | ||
| 260 | |a París |b Payot |c 1949 | ||
| 650 | 0 | |a Historia antigua |9 267521 | |
| 650 | 7 | |a FENICIOS |2 CL-VaPUC |9 440521 | |
| 650 | 0 | |a Arte |9 265238 | |
| 650 | 0 | |a Arquitectura |9 804558 | |
| 650 | 0 | |a Escritura |9 264941 | |
| 650 | 7 | |a MACEDONIA |2 CL-VaPUC |9 440523 | |
| 651 | 7 | |a FENICIA |2 CL-VaPUC |9 440524 | |
| 651 | 0 | |a Cartago |9 320485 | |
| 583 | |a last modification |c 20000331 00:00:00 |k Rodrigo Vera | ||
| 490 | 0 | |a Bibliothèque Historique | |
| 999 | |c 286530 |d 286528 | ||
| 952 | |0 0 |1 0 |4 0 |6 939_440000000000000_CON_1949 |7 0 |8 X |9 332517 |a BIBHIS |b BIBHIS |d 2019-11-20 |i 1261517 |o 939.44 CON 1949 |p 1261517 |r 2024-01-30 |w 2019-11-20 |y BK_X |k HIS | ||